Loading...
| Geography | 2 | 2 | 1 | 2 | 45 | 51 | 100.75 | 2 | 4 | 0.00 | 0.00 |
| History - European | 1 | 2 | 0 | 1 | 35 | 91 | 116.00 | 1 | 3 | 0.00 | 0.00 |
| Religion | 2 | 0 | 0 | 0 | 30 | 38 | 50.00 | 2 | 2 | 0.00 | 0.00 |
| History - American | 1 | 1 | 0 | 0 | 25 | 68 | 72.50 | 2 | 2 | 0.00 | 0.00 |
| History - World | 1 | 2 | 2 | 2 | 25 | 51 | 116.00 | 1 | 3 | 0.00 | 0.00 |
| Social Science | 0 | 2 | 0 | 2 | 20 | 131 | 135.50 | 0 | 2 | 0.00 | 0.00 |
| Science - Chemistry | 0 | 2 | 0 | 0 | 20 | 82 | 95.50 | 1 | 2 | 0.00 | 0.00 |
| Science - Biology | 0 | 2 | 1 | 1 | 15 | 83 | 103.50 | 2 | 2 | 0.00 | 0.00 |
| Other Academic | 0 | 2 | 2 | 1 | 10 | 95 | 119.50 | 1 | 2 | 0.00 | 0.00 |
| Fine Arts - Classical Music | 0 | 1 | 0 | 1 | 10 | 149 | 149.00 | 0 | 1 | 0.00 | 0.00 |
| Fine Arts - Other | 0 | 1 | 0 | 0 | 10 | 147 | 147.00 | 1 | 1 | 0.00 | 0.00 |
| Science - Physics | 0 | 1 | 0 | 1 | 10 | 128 | 128.00 | 1 | 1 | 0.00 | 0.00 |
| Fine Arts - Painting and Sculpture | 0 | 0 | 0 | 0 | 0 | 0.00 | 0 | 0 | 0.00 | 0.00 | |
| Mythology | 0 | 0 | 1 | 0 | -5 | 0.00 | 0 | 0 | 0.00 | 0.00 | |
| Current Events | 0 | 0 | 2 | 0 | -10 | 0.00 | 0 | 0 | 0.00 | 0.00 |